La sublevación de los indios del Callejón de Huaylas / (Record no. 10039)

000 -CABECERA
fixed length control field 01210nam a22002537a 4500
003 - IDENTIFICADOR DEL NÚMERO DE CONTROL
control field AR-CdUCM
008 - DATOS DE LONGITUD FIJA--INFORMACIÓN GENERAL
fixed length control field 190329b ||||| |||| 00| 0 spa d
040 ## - FUENTE DE LA CATALOGACIÓN
Agencia/entidad que catalogó originalmente la obra MUNICIPALIDAD PROVINCIAL DEL CUSCO
Entidad que transcribió la catalogación BIBLIOTECA MUNICIPAL DEL CUSCO
082 ## - NÚMERO DE LA CLASIFICACIÓN DECIMAL DEWEY
No. de Clasificación 985.311 /
Notacion interna AN62 / 1957.
100 ## - ENTRADA PRINCIPAL--NOMBRE DE PERSONA
Nombre Personal Antúnez de Mayolo, Santiago
245 ## - MENCIÓN DE TÍTULO
Título La sublevación de los indios del Callejón de Huaylas /
260 ## - PUBLICACIÓN, DISTRIBUCIÓN, ETC.
Lugar de publicación, distribución, etc. Lima :
Nombre de la editorial, distribuidor, etc. Ediciones de la revista "El Luzuriaguino",
Fecha de publicación, distribución, etc. 1957.
300 ## - DESCRIPCIÓN FÍSICA
Nº de Páginas Extensión 16 páginas ;
Dimensiones 24.5 cm.
440 ## - MENCIÓN DE SERIE/PUNTO DE ACCESO ADICIONAL--TÍTULO
Título Colección homenaje centenario de Huaraz
Número de la parte/sección de una obra : 1
9 (RLIN) 26654
505 ## - NOTA DE CONTENIDO CON FORMATO
Nota de contenido formateada Contenido: Breve biografía del autor -- Causas de la sublevación -- El gobernador Collazos y las trenzas de los alcaldes de capa y vara -- Trágico fin de la guarnición de Huaraz -- La noticia de la sublevación en Aija -- La dictadura de Atusparia -- La rebelión de Carhuaz y Yungay ...
650 ## - PUNTO DE ACCESO ADICIONAL DE MATERIA--TÉRMINO DE MATERIA
Descriptor Atusparia, Pedro Pablo
9 (RLIN) 26655
650 ## - PUNTO DE ACCESO ADICIONAL DE MATERIA--TÉRMINO DE MATERIA
Descriptor Indígenas - Perú - Huaraz
9 (RLIN) 26656
650 ## - PUNTO DE ACCESO ADICIONAL DE MATERIA--TÉRMINO DE MATERIA
Descriptor Cochachin, Pedro
9 (RLIN) 26657
650 ## - PUNTO DE ACCESO ADICIONAL DE MATERIA--TÉRMINO DE MATERIA
Descriptor Huaraz - Historia
9 (RLIN) 26658
710 ## - PUNTO DE ACCESO ADICIONAL--NOMBRE DE ENTIDAD CORPORATIVA
Nombre corporativo (En letras Mayúsculas) El Luzuriaguino
9 (RLIN) 26659
942 ## - ELEMENTOS DE PUNTO DE ACCESO ADICIONAL (KOHA)
Fuente de clasificación
Tipo de item Libros-BMC
945 ## - PROCESAMIENTO DE INFORMACIÓN LOCAL (OCLC)
Catalogador lccs
Holdings
Estado de retiro (separado) Fuente de clasificación o esquema de estanterías Estado dañado Ubicación Sala donde se ubica Nombre de la colección Fecha de adquisición o compra Costo, precio normal en soles Signatura topográfica Código de Barras Última vez visto (Koha) Tipo de ítem (Koha)
No     Sala Cusco Antiguo Sala Cusco Antiguo Book Cart 2019-03-29 35.00 985.311 / AN62 / 1957. SCA0000505 2019-03-29 Libros-BMC

Powered by Koha